Issues in the Islamic movement
| Other Authors: | Siddiqui, Kalim |
|---|---|
| Published: |
Kuala Lumpur:
Open Press,
1983.
|
| Subjects: |
| LEADER | 00512cam a2200157 7i4500 | ||
|---|---|---|---|
| 001 | 0000053088 | ||
| 005 | 20191024090000.0 | ||
| 020 | |a 0905081145 (pbk.) | ||
| 090 | 0 | 0 | |a DS35.6 |b .I94 1983 |
| 245 | 0 | 0 | |a Issues in the Islamic movement |c edited by Kalim Siddiqui. |
| 260 | |a Kuala Lumpur: |b Open Press, |c 1983. | ||
| 300 | |a xi, 393 p. | ||
| 500 | |a Gift: Zainol Ahmad Resource Center | ||
| 650 | 0 | 0 | |a Revolutionaries -- |z Islamic countries |
| 700 | 1 | |a Siddiqui, Kalim | |
| 999 | |a 0000067925 |b BOK |c OPEN SHELF |e 1st Floor, Bestari Jaya | ||


